| 000 | 00848nam a22002297a 4500 | ||
|---|---|---|---|
| 999 |
_c10484 _d10484 |
||
| 005 | 20251125232827.0 | ||
| 008 | s2544 th tha d | ||
| 020 | _a9748828085 | ||
| 040 | _aNALT | ||
| 041 | _atha | ||
| 050 | _aDS585 ม492ร 2544 | ||
| 100 | 0 | _aมาลัย ชูพินิจ | |
| 245 | 1 | 0 | _aX.O.Group : เรื่องภายในขบวนการเสรีไทย [4th] |
| 260 | 3 |
_aกรุงเทพฯ : _bกระท่อม ป.ล., _c2544 |
|
| 300 |
_a235 หน้า : _b ภาพประกอบ ; _c 21 ซม. |
||
| 650 | 0 | 4 | _aเสรีไทย |
| 650 | 0 | 4 | _aสงครามโลก, ค.ศ.1939--1945 -- งานใต้ดิน -- ไทย |
| 850 | _aNALT | ||
| 856 | 4 | 0 |
_uhttps://hdl.handle.net/20.500.14156/410549 _71 |
| 942 |
_cGB _2lcc |
||